| 000 | 00476nam a22001697a 4500 | ||
|---|---|---|---|
| 003 | OSt | ||
| 005 | 20240715115502.0 | ||
| 007 | 376 pages | ||
| 008 | 240715b |||||||| |||| 00| 0 eng d | ||
| 020 | _a9789354642289 | ||
| 040 |
_aAO enterprises _c |
||
| 082 |
_26 _a658.42 _bJAC |
||
| 245 |
_aPatterns and Entrepreneurship management _cKaplan,Jack _hEnglish |
||
| 250 | _a6 | ||
| 260 |
_bWiley _c2022 |
||
| 942 |
_2ddc _cBK _e6 _h658.42 _iJAC _k658.42 _mJAC _n0 |
||
| 999 |
_c36058 _d36058 |
||